[Event "Mersin op-B 7th"]
[Site "Mersin"]
[Date "2023.11.16"]
[Round "7"]
[White "Gafarov, Niyazi"]
[Black "Cetindag, Alper"]
[Result "1/2-1/2"]
[WhiteElo "1581"]
[BlackElo "1441"]
[PlyCount "80"]
[EventDate "2023.11.12"]
[EventType "swiss"]
[EventRounds "9"]
[EventCountry "TUR"]
[SourceTitle "CBM 217 Extra"]
[Source "ChessBase"]
[SourceDate "2024.01.31"]
[SourceVersion "1"]
[SourceVersionDate "2024.01.31"]
[SourceQuality "1"]

1. e4 c5 2. Nc3 Nc6 3. d3 d6 4. Be3 g6 5. d4 cxd4 6. Bxd4 Nxd4 7. Qxd4 e5 8. Qd2 a6 9. Bc4 Nf6 10. a4 Be7 11. Nge2 0-0 12. 0-0 Qc7 13. Bb3 Be6 14. Bd5 Nxd5 15. Nxd5 Bxd5 16. Qxd5 Qxc2 17. Qxb7 Qxe2 18. Rfe1 Rab8 19. Qxe7 Qxb2 20. Qxd6 Rb6 21. Qd3 Rfb8 22. a5 Rb5 23. g3 Qb4 24. Kg2 Qe7 25. Red1 Qb7 26. Ra4 Rc8 27. Qf3 Qc6 28. Ra3 Qe6 29. h4 h5 30. Rad3 Rc6 31. Rd8+ Kg7 32. R1d5 Qe7 33. R5d7 Qf6 34. Qa3 Rcc5 35. Rd5 Rxa5 36. Qb4 Rab5 37. Qa3 Ra5 38. Qb4 Rab5 39. Qa3 Ra5 40. Qf3 Rab5 1/2-1/2